| 000 | 00800nam a2200229 i 4500 | ||
|---|---|---|---|
| 001 | 184803 | ||
| 003 | ES-MaACL | ||
| 005 | 20250809063541.0 | ||
| 008 | 160119s1976 sp a |||| |dspa d | ||
| 080 | _a929.52 Fajardo | ||
| 080 | _a94(460.33 Alhama) | ||
| 100 | 1 |
_aVilar, Juan Bautista, _d1941-2018 _9114797 |
|
| 245 | 1 | 0 |
_aAlhama de Murcia _b: señorío de los Fajardo / _cJuan Bta. Vilar. |
| 260 |
_aMurcia : _bDiputación Provincial, _c1976. |
||
| 300 |
_a19 p. : _bil. ; _c22 cm. |
||
| 504 | _aBibliografía: p. [19] | ||
| 600 | 3 | 7 |
_aFajardo (Familia) _9157810 |
| 651 | 7 |
_aAlhama de Murcia- _xHistoria. _9158516 |
|
| 710 | 1 |
_aMurcia (Provincia). _bDiputación Provincial. _95801 |
|
| 852 |
_aES-MaACL _j1631-F-2 _z. - Dedicatoria autógrafa del autor |
||
| 999 |
_c184803 _d184803 |
||